1166 1330 1789 1421 1610 1887 1433 1204 1476 1645 1510 1655 1611 1932 1914 1181 1837 1957 1245 1261 1992 1689 1159 1521 1960 1693 1525 1464 1877 1557 1818 1872 1249 1279 1206 1350 1689 1623 1933 1484 1310 1361 1524 1972 1220 1191 1267 1692 1891 1011 1512 1295 1400 1049 1061 1224 1709 1207 1410 1634 1708 1669 1889 1491 1332 1877 1864 1045 1089 1597 1628 1523 1406 1570 1909 1446 1028 1591 1476 1696 1585 1653 1744 1713 1794 1984 1130 1760 1236 1351 1533 1761 1913 1479 1434 1197 1747 1467 1549 BCNSPRNW ULIB Ver.6.0+V

เปลี่ยนเป็นภาษาไทย

Change to English
 แสดงรายละเอียดบรรณานุกรม
  กลับหน้าหลัก

Brief Record : Get Marc (ISO 2709) : E-mail record : QR code < ปิดหน้าต่าง
LEADER : 00000nam 2200000uu 4500
001    13399129145
003     ULIB
008    250718s2023||||th 000 0 tha d
020    ^a9781506288291
050 0  ^aPE1128^bL887B
100 1  ^aLougheed, Lin^eAuthor
245 1  ^aBarron s the trusted name in test prep :^bIELTS Premium /^cLin Lougheed
246 3  ^aBarron s IELTS Premium
246 3  ^aIELTS Premium
246 3  ^a6 practice tests + comprehensive review
250    ^a7th ed.
260    ^aEnglish :^bBarron s Educational Services,^c2023
300    ^avi, 490 pages :^btables ;^c28 cm
650  0 ^aEnglish language
650  0 ^aEnglish language^xExaminations
650  0 ^aEnglish language^xExaminations, questions, etc
650  0 ^aInternational English Language Testing System
945    ^p1147^l0^i011900
999    ^aประนอม เกษจรัล
รายการนี้ยังไม่มีแท็ก
คุณยังไม่ได้ล็อกอิน คุณสามารถมีกิจกรรมร่วมกับเว็บไซต์ได้ แต่ต้องล็อกอินก่อน ::
  ล็อกอิน

รายการสื่อสารสนเทศ

ลำดับที่ ประเภท เลขเรียก/บาร์โค้ด สถานที่ สถานะ
1. การศึกษาทั่วไป
หนังสือสำรอง
สถานะ=หนังสือสำรอง
PE1128 L887B ฉ.1 
  Barcode: 011900
ห้องสมุดวิทยาเขตสวรรค์ประชารักษ์
►หนังสือทั่วไป
บนชั้น

รายการใกล้เคียง
    หัวเรื่อง [English language]
    หัวเรื่อง [International English Language Testing System]

BibComment


ยังไม่เคยถูกคอมเมนท์

คอมเมนท์ทรัพยากรรายการนี้
  คอมเมนท์: Barron s the tru..


 Copyright 2026. Bcnsprnw @Library